La prueba ilc̕ita (un estudio comparado) Segunda edicin̤

Detalles Bibliográficos
Autor principal: Armenta Deu, Teresa
Formato: eBook
Lenguaje:español
Publicado: Madrid: Marcial Pons, 2011
Edición:Segunda edicin̤
Materias:
Acceso en línea:Acceso restringido

MARC

LEADER 00000nam a22000007a 4500
005 20180220232547.0
007 cr|||| ||||
008 180220s2011 es |||||s|||| 00||0 spa d
020 |a 978-84-9123-293-3 
035 |a 20955 
040 |a vLex 
090 |c 7390  |d 7390 
100 1 |a Armenta Deu, Teresa 
245 1 2 |a La prueba ilc̕ita (un estudio comparado)  |h [Recurso electrn̤ico] /  |c Teresa Armenta Deu  |n Segunda edicin̤ 
250 |a Segunda edicin̤ 
256 |a Servicio en ln̕ea 
260 |a Madrid:  |b Marcial Pons,  |c 2011 
300 |a 1 recurso electrn̤ico 
500 |a La segunda edicin̤ de La prueba ilc̕ita, tras un plazo de tiempo relativamente breve, enfoca, por una parte, acometer temas omitidos en la primera edicin̤ como el tratamiento procesal en los diversos procedimientos en Espaą o las nuevas ln̕eas jurisprudenciales tras la teora̕ de la desconexin̤ de antijuridicidad, y por otra, los cambios o novedades ocurridos en este tiempo, que en una materia tan viva no son pocos. Junto al variable concepto de prueba ilc̕ita y fruto de una siempre enriquecedora segunda reflexin̤, se hallan las referencias a las diferentes perspectivas con que se acometen las reglas de exclusin̤ en el sistema angloamericano y en el continental. A las causas de ilicitud se aąden los nuevos mťodos probatorios conectados mayoritariamente con el uso de nuevas tecnologa̕s en la investigacin̤ y los elementos comparativos, as ̕como las novedades normativas de la Unin̤ Europea en materia de prueba, completada con las ms̀ recientes resoluciones del Tribunal Europeo de Derechos Humanos, que sigue actuando como crisol a efectos de servir de orientacin̤ para una configuracin̤ legal armonizada en Europa. Finalmente, se incorpora la doctrina y jurisprudencia norteamericana tras el decisivo Hudson vs. Michigan y sus consecuencias. Una visin̤ ampliada, en definitiva, que espera colmar las expectativas de los lectores de la primera edicin̤ y de los que ahora puedan aądirse ÍNDICE (Resumen): Concepto y configuracin̤ de la prueba ilc̕ita. Causas y clases de ilicitud probatoria. Eficacia de la prueba ilc̕ita. Tratamiento procesal de la ilicitud probatoria. Elementos para el contraste. 
506 1 |a Disponible solo en los productos indicados  |d vLex Global  |d vLex Global (Academic Edition, excluding Law Schools)  |d vLex Global (U.S. Academic Edition, Law Schools)  |d vLex Global (U.S. Academic Edition, excluding Law Schools)  |d vLex Global (Academic Edition, Law Schools) 
650 0 4 |a Derecho Procesal  |z Espaą 
740 0 |a vLex Libros (Servicio en ln̕ea) 
856 4 0 |u http://vlex.com/source/prueba-ilicita-un-estudio-comparado-segunda-edicion-20955  |z Acceso restringido 
942 |c BOOK 
999 0 |a Procedural law